00584nam a2200217 a 450000100060000000300080000600500170001400800410003103500190007204000310009104100080012208200220013010000230015224500440017525000120021926000640023130000170029550500110031265000250032365000180034863565BD-RjUL20211209081218.0170131m19511935enk 0 eng d a(BD-RjUL)63694 aZNUCDbengcZNUCDdBD-RjUL aeng 223a901bTOS 19511 aToynbee, Arnold J.12aA study of history /cArnold J. Toynbee a2nd ed. aLondon :bOxford University Press,c1935 [Impression 1951]. aV. ;c24 cm. aV-1.-- 0aHistoryxPhilosophy. 0aCivilization.